000 00330pam a2200145a 44500
008 230405s xxu||||| |||| 00| 0 eng d
041 _aENG
100 _aYUDENICH V V
245 _aACCIDENT FIRST AID
250 _a3 1989
260 _aMOSCOW
_bMIR PUBLICATION MOSCOW
_c
300 _a78
650 _aPHARMACOLOGY
906 _a130
999 _c265569
_d265569